| 000 | 00954ngm a22003610a 4500 | ||
|---|---|---|---|
| 001 | PT40531 | ||
| 003 | AR-LpoUNG | ||
| 005 | 20210201235903.0 | ||
| 007 | vd cvaizq | ||
| 008 | 191001s[200||||ag |||||||||||||||||spa d | ||
| 037 | _c$10 | ||
| 040 |
_aAR-LpoUNG _bspa _cAR-LpoUNG _eaacr |
||
| 041 | _aspa | ||
| 044 | _aag | ||
| 082 | 0 | _a982 632v2 | |
| 100 | 1 |
_aPigna, Felipe _egui. |
|
| 245 | 1 | 0 | _aAlgo habrán hecho por la historia argentina |
| 260 |
_aBuenos Aires : _bCuatro cabezas, _c[2009]. |
||
| 300 | _aDVD : son., col. | ||
| 505 | 0 | _aConducción: Mario Pergolini y Felipe Pigna. - Lectura en sala: 00047719 | |
| 650 | 4 | _aANALISIS HISTORICO | |
| 650 | 4 | _aARGENTINA | |
| 650 | 4 | _aASPECTOS POLITICOS | |
| 650 | 4 | _aHISTORIA | |
| 651 | 4 | _aArgentina | |
| 653 | _aDOCUMENTALES | ||
| 653 | _aDVD | ||
| 653 | _aVIDEOS | ||
| 653 | _aVIDEOS DIDACTICOS | ||
| 710 | 2 | _aCuatro Cabezas (Buenos Aires) | |
| 905 | _a40531 | ||
| 942 | _cDVD | ||
| 999 |
_c53705 _d53705 |
||